Informática : tomo ii :
Guardado en:
| Autor Principal: | |
|---|---|
| Formato: | Libro |
| Publicado: |
Buenos Aires :
Conicet,
1995
|
| Series: | Pro Ciencia
|
| Materias: | |
| Etiquetas: |
Agregar Etiqueta
Sin Etiquetas, Sea el primero en etiquetar este registro!
|
| LEADER | 01619nam a22002655a 4500 | ||
|---|---|---|---|
| 001 | CEM.cems009582 | ||
| 005 | 20080829093000.0 | ||
| 008 | 130507s1995##################000#0#####d | ||
| 003 | CEMS | ||
| 020 | |a 9506870225 | ||
| 082 | 0 | 4 | |a 371.41 |
| 100 | 1 | |a Bosch, Horacio E. | |
| 245 | 1 | 0 | |a Informática : |b tomo ii : |c Horacio E. Bosch |
| 260 | |a Buenos Aires : |b Conicet, |c 1995 | ||
| 300 | |a 103 p. | ||
| 490 | 0 | |a Pro Ciencia | |
| 500 | |a Red Federal de Formación Docente Continuaprograma de Perfeccionamiento Docente | ||
| 505 | 0 | |a La enseñanza de las ciencias asistida por medios informáticos. Fundamentación -- Gabinete de experimentación asistida por medios informáticos-GEAMI -- Aspectos conceptuales sobre software educativo y guiones didácticos -- Medios informáticos para la simulación del comportamiento de fenómenos naturales y sociales. Programa de enseñanza de las ciencias por medio de hipercursos -- Resolución de problemas de las ciencias naturales y exactas asistida por medios informáticos -- Archivos, bases de datos y conexión con la telaraña mundial -- Innovación educativa: laboratorios ecológicos escolares: Parte 1: Cambio global -- Parte II: Experiencia educativa en ciencia y tecnología | |
| 653 | |a Didáctica de las ciencias | ||
| 653 | |a Educación y tecnología | ||
| 653 | |a Educación y computación | ||
| 653 | |a Enseñanza y computación | ||
| 859 | |a CEMS |b BIB. CEMS - 11 de abril |h 371.41 |i B65 |p 19431.97 |t Ej.1 |v II |3 II | ||
| 859 | |a CEMS |b BIB. CEMS - 11 de abril |h 371.41 |i B65 |p 19432.97 |t Ej.2 |v II |3 II | ||
| 859 | |a CEMS |b BIB. CEMS - 11 de abril |h 371.41 |i B65 |p 19433.97 |t Ej.3 |v II |3 II | ||
